| 000 | 00316nam a2200109Ia 4500 | ||
|---|---|---|---|
| 999 |
_c4316 _d4316 |
||
| 003 | yeezen | ||
| 005 | 20201029111718.0 | ||
| 008 | 180213s9999||||xx |||||||||||||| ||und|| | ||
| 020 |
_cNT360 _a978-986-93216-6-2 |
||
| 100 | _a李鈺秋 | ||
| 245 | 0 |
_c李鈺秋 _a用左右腦全圖解背新多益單字(附1MP3+防水書套) |
|
| 250 | _a初版 | ||
| 260 |
_c2017 _a台北市 |
||
| 942 |
_2ccl _cBOOK |
||